| 000 | 00665nam a22002657a 4500 | ||
|---|---|---|---|
| 003 | OSt | ||
| 005 | 20140310184311.0 | ||
| 008 | 121110t xxu||||| |||| 00| 0 eng d | ||
| 020 | _a0439746728 | ||
| 050 |
_aPZ 7 _b.W894 2006 |
||
| 100 |
_aWoods, Jackie _930461 |
||
| 245 |
_aTrapped in a Video Game / _cJackie Woods, Illustrated By: Marc Phares. |
||
| 260 |
_aNew York : _bScholastic Inc., _c2006. |
||
| 300 |
_g23cm _a16 p. : _bill. ; |
||
| 521 | _aG2 | ||
| 526 | _c420 | ||
| 942 |
_2lcc _cBK-SCHOLAS |
||
| 999 |
_c33534 _d33534 |
||